Sibeliuksen sävellykset - Äkkikuolema - Statistics

General Stats
  • This quiz has been taken 19 times
    17 since last reset
  • The average score is 4 of 12
Answers on the Grid
Answers color-coded by a green-red scale on the quiz's grid according to % correct below.
Porilaisten marssi
Finlandia
Ateenalaisten laulu
Muistoja Pohjolasta
Maamme-laulu
En etsi valtaa loistoa
Jääkärimarssi
Sylvian joululaulu
Soi kunniaksi Luojan
Myrskyluodon Maija
Taikahuilu
Valse Triste
Jumala ompi linnamme
On hanget korkeat nietokset
Tuonelan joutsen
Sinfonia numero 9, op 27
Peer Gynt
Kullervo
Viulukonsertto d-mollissa
Pohjolan tytär
Prinsessa Ruususen häämarssi
Karelia-sarja
Oi kallis Suomenmaa
Vöyrin marssi
 
Answer Stats
Answer % Correct
Finlandia
100%
Karelia-sarja
55%
Ateenalaisten laulu
45%
Kullervo
45%
Valse Triste
45%
Tuonelan joutsen
36%
En etsi valtaa loistoa
27%
Pohjolan tytär
27%
Viulukonsertto d-mollissa
27%
Jääkärimarssi
18%
On hanget korkeat nietokset
18%
Soi kunniaksi Luojan
0%
No matching quizzes found
Score Distribution
Percent of People with Each Score
Percentile by Number Answered
Your Score History
You have not taken this quiz since the last reset